Most Known Female Singers of 2024 - Statistics

General Stats
  • This quiz has been taken 149 times
  • The average score is 13 of 24
Answer Stats
Picture Answer % Correct
Taylor Swift
97%
Ariana Grande
94%
Billie Eilish
94%
Adele
92%
Rihanna
91%
Dua Lipa
83%
Olivia Rodrigo
83%
Shakira
80%
Cardi B
78%
Lizzo
77%
Miley Cyrus
77%
Sia
68%
SZA
59%
Halsey
44%
Bebe Rexha
37%
Tones and I
29%
Rosalia
23%
Normani
20%
Kali Uchis
17%
Anitta
14%
H.E.R.
14%
Tove Lo
9%
Jorja Smith
7%
Rina Sawayama
5%
No matching quizzes found
Score Distribution
Percent of People with Each Score
Percentile by Number Answered
Your Score History
You have not taken this quiz